| 000 | 01582cam a22003374a 4500 | ||
|---|---|---|---|
| 001 | 12553718 | ||
| 005 | 20100812134054.0 | ||
| 008 | 011002s2002 mdua 001 0 eng | ||
| 010 | _a 2001050416 | ||
| 020 | _a0781731941 | ||
| 040 |
_aDLC _cDLC _dDLC |
||
| 042 | _apcc | ||
| 050 | 0 | 0 |
_aQM25 _b.R55 2002 |
| 082 | 0 | 0 |
_a611.00222 _221 _bROH |
| 100 | 1 |
_aRohen, Johannes W. _q(Johannes Wilhelm) _930177 |
|
| 245 | 1 | 0 |
_aColor atlas of anatomy : _ba photographic study of the human body / _cJohannes W. Rohen, Chihiro Yokochi, Elke Lutjen-Drecoll. |
| 250 | _a7th ed. | ||
| 260 |
_aBaltimore, MD : _bLippincott Williams & Wilkins, _c2011. |
||
| 300 |
_axii, 532 p. : _bcol. ill. ; _c31 cm. |
||
| 500 | _aIncludes index. | ||
| 650 | 0 |
_aHuman anatomy _vAtlases. _930178 |
|
| 653 |
_bDent _cJune2011 |
||
| 700 | 1 |
_aYokochi, Chihiro. _930179 |
|
| 700 | 1 |
_aLutjen-Drecoll, Elke. _930180 |
|
| 856 | 4 | 2 |
_3Publisher description _uhttp://www.loc.gov/catdir/enhancements/fy0711/2001050416-d.html |
| 856 | 4 | 1 |
_3Table of contents only _uhttp://www.loc.gov/catdir/enhancements/fy1012/2001050416-t.html |
| 942 |
_2ddc _cNRB |
||
| 999 |
_c16779 _d16779 |
||